000 00642nam a2200253 a 4500
001 0001-0956
003 ELIB.Books
008 140911 2010 eng
020 _aBF31094
035 _a(ELIB.Books)0001-1110
092 _a128.2
_bGre
100 _aGregory, Richard L.
245 _aThe Oxford Companion to the Mind
260 _aOxford
_bOxford University Press
_c1987
300 _a853
_c23.5 Cm
500 _aDr. Yahalaylayla
650 _aMind
710 _aZangwill, O. L.
856 _nKBTS; Library
_uKBTS; Elib.
942 _2ddc
_cBK
990 _a1
998 _cbat
_e2014-09-11
999 _c10956
_d10956